LEADER 01235nam a2200349 i 4500 001 991000804229707536 005 20020507173812.0 008 931103s1985 ne ||| | eng 020 $a0444878033 035 $ab10759530-39ule_inst 035 $aLE01302575$9ExL 040 $aDip.to Matematica$beng 082 0 $a511.5 084 $aAMS 05-06 084 $aAMS 05C 084 $aAMS 05C38 084 $aQA166.22.C93 100 1 $aAlspach, Brian Roger$0535090 245 10$aCycles in graphs /$ceds. Brian Roger Alspach, Christopher David Godsil 260 $aAmsterdam :$bNorth-Holland,$c1985 300 $aix, 471 p. ;$c24 cm 490 0 $aAnnals of discrete mathematics ;$v27 490 0 $aNorth-Holland mathematics studies,$x0304-0208 ;$v115 650 0$aGraph theory 650 0$aPaths and cycles 700 1 $aGodsil, Christopher David$eauthor$4http://id.loc.gov/vocabulary/relators/aut$041834 907 $a.b10759530$b23-02-17$c28-06-02 912 $a991000804229707536 945 $aLE013 05C ALS11 (1985)$g1$i2013000071176$lle013$o-$pE0.00$q-$rl$s- $t0$u0$v0$w0$x0$y.i10854630$z28-06-02 996 $aCycles in graphs$91455484 997 $aUNISALENTO 998 $ale013$b01-01-93$cm$da $e-$feng$gne $h0$i1 LEADER 03101nam 2200613 a 450 001 9910786270203321 005 20230803025507.0 010 $a0-8047-8558-9 024 7 $a10.1515/9780804785587 035 $a(CKB)2670000000335592 035 $a(EBL)1117240 035 $a(OCoLC)827208530 035 $a(SSID)ssj0000826806 035 $a(PQKBManifestationID)12426850 035 $a(PQKBTitleCode)TC0000826806 035 $a(PQKBWorkID)10810081 035 $a(PQKB)10781135 035 $a(MiAaPQ)EBC1117240 035 $a(DE-B1597)563763 035 $a(DE-B1597)9780804785587 035 $a(Au-PeEL)EBL1117240 035 $a(CaPaEBR)ebr10651971 035 $a(OCoLC)1178769972 035 $a(EXLCZ)992670000000335592 100 $a20121108d2013 uy 0 101 0 $aeng 135 $aur||#|||||||| 181 $ctxt 182 $cc 183 $acr 200 10$aAbout Europe$b[electronic resource] $ephilosophical hypotheses /$fDenis Gue?noun ; translated by Christine Irizarry 210 $aStanford, Calif. $cStanford University Press$d2013 215 $a1 online resource (353 p.) 225 0 $aCultural Memory in the Present 225 0$aCultural memory in the present 300 $a"Originally published in French under the title Hypothe?ses sur l'Europe: Un essai de philosophie." 311 $a0-8047-7385-8 311 $a0-8047-7386-6 327 $apt. I. Europe crossways -- pt. II. On national revolution -- pt. III. Transports of origin -- pt. IV. No returns. 330 $aThe concept of the universal was born in the lands we now call Europe, yet it is precisely the universal that is Europe's undoing. All European politics is caught in a tension: to assert a European identity is to be open to multiplicity, but this very openness could dissolve Europe as such. This book reflects on Europe and its changing boundaries over the span of twenty centuries. A work of philosophy, it consistently draws on concrete events. From ancient Greece and Rome, to Christianity, to the Reformation, to the national revolutions of the twentieth century, what we today call "Europe" has been a succession of projects in the name of ecclesia or community. Empire, Church, and EU: all have been constructed in contrast to an Oriental "other." The stakes of Europe, then, are as much metaphysical as political. Redefining a series of key concepts such as world, place, transportation, and the common, this book sheds light on Europe as process by engaging with the most significant philosophical debates on the subject, including the work of Marx, Husserl, Heidegger, Pato?ka, and Nancy. 410 0$aCultural Memory in the Present 606 $aPHILOSOPHY / General$2bisacsh 607 $aEurope$xHistory$xPhilosophy 615 7$aPHILOSOPHY / General. 676 $a940.01 700 $aGue?noun$b Denis$f1946-$01330630 701 $aIrizarry$b Christine$01540994 801 0$bMiAaPQ 801 1$bMiAaPQ 801 2$bMiAaPQ 906 $aBOOK 912 $a9910786270203321 996 $aAbout Europe$93792921 997 $aUNINA